000 00697nam a2200205 i 4500
001 175559
003 ES-MaACL
005 20230906215844.0
008 101108s1969 sp |||| | spa d
080 _a347.748
100 1 _aPiqué Vidal, Juan.
_992320
245 1 0 _aTodo sobre el cheque bancario y sus infracciones civiles y penales
_b: guía legal práctica para todos /
_cJuan Piqué Vidal.
260 _aBarcelona :
_bDe Vecchi,
_cimp. 1969.
300 _a165 p. ;
_c20 cm.
490 1 _aBiblioteca "La ley para todos" ;
_v5
650 0 4 _aCheques.
_9135761
830 0 _aBiblioteca "La ley para todos" ;
_v5
_9189806
852 _aES-MaACL
_jE-13448
_xOlim P-1841
999 _c175559
_d175559